000 00459nam a2200193Ia 4500
008 240510s9999 xx 000 0 und d
020 _a0008173663556
041 _aEng
082 _a005.7585
082 _bP65
100 _aBurke, P.J.: (et-al)
245 0 _aProfessional SQL Server 2000 XML
260 _bWrox Press: UK
260 _c2001
300 _a577 p.
650 _aSQL Sever : DBMS : Database Systems :
942 _2ddc
942 _cRBK
999 _c27354
_d27354
945 _a1
_bMadushi Gamage
_c1
_dMadushi Gamage